Ekonomické a právne aspekty Brexitu bakalárska práca

Na minha lista:
Detalhes bibliográficos
Autor principal: Bednáriková, Alexandra
Corporate Authors: Národohospodárska fakulta EU. Katedra ekonómie, Univerzita Komenského v Bratislave. Právnická fakulta
Outros Autores: Brinčíková, Zuzana, 1979-
Formato: Livro
Idioma:eslovaco
Publicado em: Bratislava 2021
Tags: Adicionar Tag
Sem tags, seja o primeiro a adicionar uma tag!

MARC

LEADER 00000nbm a2200000 4500
001 0275258
005 20220121143556.1
041 0 |a slo 
044 |a SK 
245 1 0 |a Ekonomické a právne aspekty Brexitu  |b bakalárska práca  |c Alexandra Bednáriková ; školiteľ: Zuzana Brinčíková 
264 1 |a Bratislava  |c 2021 
300 |a 66 s. 
100 1 |a Bednáriková, Alexandra 
700 1 |a Brinčíková, Zuzana, 1979- 
710 2 |a Národohospodárska fakulta EU. Katedra ekonómie 
710 2 |a Univerzita Komenského v Bratislave. Právnická fakulta